| 000 | 00607cam a2200229 4500 | ||
|---|---|---|---|
| 008 | 020917n2002 000 0 eng u | ||
| 020 | _a1860815596 | ||
| 035 | _a(Sirsi) u119715 | ||
| 041 | _a698.3 | ||
| 100 | _aMiller, E. | ||
| 245 | _aEN 927 : the new European Standard for exterior wood coatings | ||
| 260 |
_aLondon _bCRC _c2002 |
||
| 300 |
_a8p. _bill. _c30cm. |
||
| 490 |
_aBRE Digest _v466 |
||
| 650 | _aCOATINGS | ||
| 650 | _aEXTERIOR WOOD COATINGS | ||
| 650 | _aVARNISHES | ||
| 650 | _aWOOD STAINS | ||
| 650 | _aTIMBER | ||
| 690 | _aBUILT ENVIRONMENT-BUILDING MATERIALS | ||
| 942 | _n0 | ||
| 999 |
_c102369 _d102369 |
||